• 首页
  • 本馆介绍
  • 公告通知
  • 最新文献
  • 馆藏检索
  • 电子资源
  • 读者导购
  • 参考咨询
  • 我的图书馆
  • 登录
  • 详细信息显示
  • 放入我的书架
  • 预约/预借图书
  • 作者相关作品
  • 分类相关作品
  • 丛书相关作品
  • 出版社相关作品

书目信息

  • 表格格式
  • 工作单格式
  • 卡片格式
题名:
椅子与身体
    
 
作者: 黑川雅子
分册:  
出版信息: 北京   中信出版社  2020
页数: 145页
开本: 18cm
丛书名:
单 册:
中图分类: TS665.4
科图分类:
主题词: 木制品
电子资源:
ISBN: 978-7-5217-1921-5
000 00556nam0 2200193 450
001 2065834476
005 20201201182013.21
010    @a978-7-5217-1921-5@dCNY78.00
100    @a20201201d2020 km y0chiy0120 ea
101 0  @achi
102    @aCN@b110000
200 1  @a椅子与身体@AYi Zi Yu Shen Ti@f(日)黑川雅子@F(Ri)Hei Chuan Ya Zi
210    @a北京@c中信出版社@d2020
215    @a145页@d18cm
606 0  @a木制品
690    @aTS665.4@v4
701  0 @a黑川雅子@AHei Chuan Ya Zi
801  0 @aCN@b大连网信软件有限公司图书馆·11@c20201201
905    @aZUCC@dTS665.4@e2
    
    椅子与身体/(日)黑川雅子.-北京:中信出版社,2020
    145页;18cm
    
    
    ISBN 978-7-5217-1921-5:CNY78.00
    
●
相关链接 在五车中查询图书 在当当中查询图书 在豆瓣中查询图书


正题名:椅子与身体     索取号:TS665.4/2         预约/预借

序号 登录号 条形码 馆藏地/架位号 状态 备注
1 2000873915   2000873915   第二书库/ [索取号:TS665.4/2] 在馆    
2 2000873916   2000873916   第二书库/ [索取号:TS665.4/2] 在馆    
3 2000873917   2000873917   第二书库/ [索取号:TS665.4/2] 在馆    
山东省滨州职业学院图书馆 欢迎您!
大连网信软件有限公司© 版权所有